[Event "SC Heideck-Hilpoltstein 1-SC Uttenreuth "]
[Site "?"]
[Date "2012.11.18"]
[Round "3.1"]
[White "Spiegelhauer, Tilmann"]
[Black "Fink, Martin"]
[Result "0-1"]
[WhiteElo "1847"]
[BlackElo "1869"]
[Annotator "Wegmann,Wolfgang"]
[PlyCount "76"]
[EventDate "2012.??.??"]
[WhiteTeam "SC Uttenreuth e.V. 1"]
[BlackTeam "SC Heideck-Hilpoltstein 1"]

1. d4 d5 2. c4 c6 3. Nc3 Nf6 4. Nf3 g6 5. cxd5 cxd5 6. Qb3 Nc6 7. Bf4 Bg7 8. e3
O-O 9. Bd3 Na5 10. Qb4 Bd7 11. O-O Re8 12. Rac1 Bf8 13. Be5 Ng4 14. Bb5 e6 15.
Bd6 Bxb5 16. Nxb5 Nc6 17. Qc5 a6 18. Bxf8 axb5 19. h3 Rxf8 20. hxg4 b4 21. Qb5
Qe7 22. Ra1 Ra5 23. Qe2 Rfa8 24. b3 f6 25. Rfc1 Ra3 26. Qb2 Kg7 27. Rc2 Rh8 28.
Rac1 h5 29. gxh5 Rxh5 30. Kf1 g5 31. g3 Qe8 32. Rc5 Qg6 33. Qc2 Rh1+ 34. Ng1
Rxa2 35. Qxa2 Qd3+ 36. Kg2 Qh7 37. Qc2 Qh2+ 38. Kf1 Rxg1+ 39. Ke2
Rg2 40. Rf1 Rxg3 41. Rb5 Rxe3+ 42. Kd2 Re2+ 43. Kxe2 Nxd4+ 44. Kd1 Qh5+ 45. Kd2
Nxc2 46. Kxc2 Qe2+ 0-1

[Event "SC Heideck-Hilpoltstein 1-SC Uttenreuth "]
[Site "?"]
[Date "2012.11.18"]
[Round "3.2"]
[White "Kirchner, Norbert"]
[Black "Miederer, Karl"]
[Result "1-0"]
[WhiteElo "1967"]
[BlackElo "1837"]
[PlyCount "68"]
[EventDate "2012.??.??"]
[WhiteTeam "SC Heideck-Hilpoltstein 1"]
[BlackTeam "SC Uttenreuth e.V. 1"]

1. e4 c5 2. Bc4 e6 3. Nc3 Nc6 4. Nf3 a6 5. d4 cxd4 6. Nxd4 Qc7 7. O-O Bd6 8.
Ndb5 Bxh2+ 9. Kh1 axb5 10. Nxb5 Qb8 11. g3 Ne5 12. Bf4 Nf6 13. Nd6+ Ke7 14.
Bxe5 Qa7 15. Nb5 Qa6 16. Qe2 Qc6 17. Kxh2 Nxe4 18. Nd4 Qc5 19. Qxe4 d5 20. Qh4+
f6 21. Bd3 h5 22. Nb3 Qc6 23. Qb4+ Kf7 24. Bb5 Qxc2 25. Rac1 Qg6 26. Rc7+ Kg8
27. Bc3 h4 28. gxh4 Qg5 29. Rxg7+ Kxg7 30. Rg1 Qxg1+ 31. Kxg1 Kf7 32. Qf4 Rg8+
33. Kh2 f5 34. Qh6 Rg6 1-0

[Event "SC Heideck-Hilpoltstein 1-SC Uttenreuth "]
[Site "?"]
[Date "2012.11.18"]
[Round "3.3"]
[White "Niedermaier, Barbara"]
[Black "Wegmann, Wolfgang"]
[Result "1/2-1/2"]
[WhiteElo "1837"]
[BlackElo "1863"]
[PlyCount "124"]
[EventDate "2012.??.??"]
[WhiteTeam "SC Uttenreuth e.V. 1"]
[BlackTeam "SC Heideck-Hilpoltstein 1"]

1. e4 c5 2. Nf3 e6 3. d4 cxd4 4. c3 d3 5. Bxd3 Nc6 6. O-O d6 7. Qe2 Qc7 8. Na3
a6 9. Bg5 Be7 10. Bxe7 Ngxe7 11. Rad1 Ng6 12. Bb1 O-O 13. Nc4 Nf4 14. Qd2 d5
15. exd5 exd5 16. Ne3 Ne5 17. Nxe5 Qxe5 18. Nxd5 Ng6 19. Rfe1 Qh5 20. Nf4 Nxf4
21. Qxf4 Be6 22. Qe5 Qxe5 23. Rxe5 Rad8 24. Ree1 g6 25. f3 h5 26. b3 Kg7 27. c4
a5 28. Be4 b6 29. Bc6 Kf6 30. Kf2 g5 31. Rxd8 Rxd8 32. Re2 Rd6 33. Bb5 Bf5 34.
Ke3 Rd3+ 35. Kf2 Rd1 36. Bc6 Be6 37. Ke3 Rd6 38. Bb5 Bf5 39. Rd2 Re6+ 40. Kf2
Bg6 41. Bd7 Re7 42. Rd6+ Ke5 43. Rd5+ Kf6 44. a3 Bc2 45. Ba4 Re6 46. Rd2 Bg6
47. b4 axb4 48. axb4 g4 49. c5 bxc5 50. bxc5 gxf3 51. gxf3 Ra6 52. Rd6+ Rxd6
53. cxd6 Ke6 54. d7 Ke7 55. Kg3 Bd3 56. f4 Be2 57. Kf2 Bg4 58. Kg3 Be2 59. f5
f6 60. Bc6 Bg4 61. Kf4 Kd8 62. Ke4 Bh3 1/2-1/2

[Event "SC Heideck-Hilpoltstein 1-SC Uttenreuth "]
[Site "?"]
[Date "2012.11.18"]
[Round "3.4"]
[White "Perner, Bastian"]
[Black "Traut, Gerhard"]
[Result "1/2-1/2"]
[WhiteElo "1881"]
[BlackElo "1786"]
[PlyCount "54"]
[EventDate "2012.??.??"]
[WhiteTeam "SC Heideck-Hilpoltstein 1"]
[BlackTeam "SC Uttenreuth e.V. 1"]

1. e4 c5 2. Nf3 Nc6 3. d4 cxd4 4. Nxd4 a6 5. Be3 e6 6. Nd2 Qc7 7. c3 Nf6 8. Be2
Be7 9. O-O d5 10. Bf3 Ne5 11. Bf4 Nxf3+ 12. Qxf3 e5 13. Bg3 Bg4 14. Qd3 Bd6 15.
Rfe1 O-O 16. N4f3 dxe4 17. Nxe4 Nxe4 18. Qxe4 Bxf3 19. Qxf3 f6 20. Rad1 Rad8
21. Qe2 Be7 22. f3 Rxd1 23. Rxd1 Rd8 24. Bf2 g6 25. Rd2 Kf7 26. Qd1 Rxd2 27.
Qxd2 Ke6 1/2-1/2

[Event "SC Heideck-Hilpoltstein 1-SC Uttenreuth "]
[Site "?"]
[Date "2012.11.18"]
[Round "3.5"]
[White "Beck, Gerhard"]
[Black "Ruderer, Thomas"]
[Result "1/2-1/2"]
[WhiteElo "1739"]
[BlackElo "1749"]
[PlyCount "50"]
[EventDate "2012.??.??"]
[WhiteTeam "SC Uttenreuth e.V. 1"]
[BlackTeam "SC Heideck-Hilpoltstein 1"]

1. c4 e6 2. d4 d5 3. Nf3 Nf6 4. Nc3 Be7 5. Bg5 O-O 6. e3 Nbd7 7. cxd5 Nxd5 8.
Bxe7 Qxe7 9. Qb3 c6 10. Be2 Nxc3 11. Qxc3 Nf6 12. O-O Nd5 13. Qc4 Qb4 14. Qxb4
Nxb4 15. a3 Nd5 16. Rac1 Bd7 17. Ne5 Rfd8 18. Bf3 Be8 19. Rc2 f6 20. Bxd5 cxd5
21. Nf3 Rac8 22. Rfc1 Rxc2 23. Rxc2 Bc6 24. Nd2 Rc8 25. Nb3 b6 1/2-1/2

[Event "SC Heideck-Hilpoltstein 1-SC Uttenreuth "]
[Site "?"]
[Date "2012.11.18"]
[Round "3.6"]
[White "Korth, Manfred"]
[Black "Meyer, Jürgen"]
[Result "1/2-1/2"]
[WhiteElo "1826"]
[BlackElo "1710"]
[PlyCount "52"]
[EventDate "2012.??.??"]
[WhiteTeam "SC Heideck-Hilpoltstein 1"]
[BlackTeam "SC Uttenreuth e.V. 1"]

1. Nf3 c5 2. g3 Nc6 3. Bg2 g6 4. O-O Bg7 5. d3 e5 6. e4 Nge7 7. c3 d6 8. Nbd2
O-O 9. a4 h6 10. Nc4 Be6 11. Qe2 Qc7 12. Bd2 Rab8 13. b4 b6 14. b5 Nd8 15. Rfb1
Bxc4 16. dxc4 Nb7 17. Be3 Qd7 18. Nd2 Na5 19. Nb3 Nc8 20. Nxa5 bxa5 21. Qd2 Nb6
22. Bf1 h5 23. Rd1 Rfd8 24. Qc2 Qe6 25. Qe2 Kh7 26. h4 Bh6 1/2-1/2

[Event "SC Heideck-Hilpoltstein 1-SC Uttenreuth "]
[Site "?"]
[Date "2012.11.18"]
[Round "3.7"]
[White "Abmayr, Bernhard"]
[Black "Stritzelberger, Martin"]
[Result "1/2-1/2"]
[WhiteElo "1691"]
[BlackElo "1642"]
[PlyCount "69"]
[EventDate "2012.??.??"]
[WhiteTeam "SC Uttenreuth e.V. 1"]
[BlackTeam "SC Heideck-Hilpoltstein 1"]

1. e4 c5 2. Nf3 d6 3. d4 cxd4 4. Nxd4 Nf6 5. Nc3 a6 6. Be2 e6 7. Bf3 Be7 8. O-O
O-O 9. b3 Nbd7 10. Bb2 Ne5 11. Be2 Bd7 12. Nf3 Nxf3+ 13. Bxf3 Bc6 14. Qd3 Qc7
15. Rfd1 Rfd8 16. Ne2 d5 17. exd5 Nxd5 18. c4 Nf4 19. Qe3 Nxe2+ 20. Qxe2 Bxf3
21. Qxf3 Rxd1+ 22. Rxd1 Rd8 23. g3 Rxd1+ 24. Qxd1 Qd8 25. Qxd8+ Bxd8 26. Bd4 f6
27. Kg2 e5 28. Bc5 Kf7 29. Kf3 f5 30. h3 e4+ 31. Kf4 Ke6 32. g4 g6 33. gxf5+
gxf5 34. Bd4 Be7 35. Bb6 1/2-1/2

[Event "SC Heideck-Hilpoltstein 1-SC Uttenreuth "]
[Site "?"]
[Date "2012.11.18"]
[Round "3.8"]
[White "Ruderer, Maximilian"]
[Black "Müller, Heiko"]
[Result "1-0"]
[WhiteElo "1683"]
[BlackElo "1624"]
[PlyCount "107"]
[EventDate "2012.??.??"]
[WhiteTeam "SC Heideck-Hilpoltstein 1"]
[BlackTeam "SC Uttenreuth e.V. 1"]

1. d4 d5 2. c4 c6 3. cxd5 cxd5 4. Nc3 e6 5. Nf3 Nc6 6. Bf4 Bd6 7. Bxd6 Qxd6 8.
e3 a6 9. Bd3 Nf6 10. O-O O-O 11. a3 Bd7 12. Rc1 Rac8 13. b4 b5 14. Qb3 e5 15.
dxe5 Nxe5 16. Be2 Ne4 17. Qxd5 Nxf3+ 18. Bxf3 Qxd5 19. Nxd5 Rfe8 20. Bxe4 Rxe4
21. Rxc8+ Bxc8 22. Rc1 Be6 23. Nc7 Bc4 24. Nxa6 Re8 25. Nc7 Re7 26. Nd5 Ra7 27.
Nc3 Kf8 28. Ra1 Ke7 29. a4 bxa4 30. Rxa4 Rb7 31. Ne4 Bb3 32. Nc5 Bxa4 33. Nxb7
Bb5 34. f4 f5 35. Kf2 Kf6 36. Nc5 Bc6 37. g3 h5 38. h4 Ke7 39. Ke2 Kd6 40. Kd3
Kd5 41. e4+ fxe4+ 42. Nxe4 Bb5+ 43. Ke3 Bd7 44. b5 Bxb5 45. Nc3+ Kc5 46. Nxb5
Kxb5 47. f5 Kc5 48. Kf4 Kd5 49. f6 gxf6 50. Kf5 Kd4 51. Kxf6 Ke4 52. Kg5 Kf3
53. Kxh5 Kxg3 54. Kg5 1-0

[Event "SG SC Mühldorf/SK Schwabach 1-SG Siemens"]
[Site "?"]
[Date "2012.11.18"]
[Round "3.1"]
[White "Wohlfahrt, Frank"]
[Black "Ahmels, Christian"]
[Result "1/2-1/2"]
[WhiteElo "1976"]
[BlackElo "2065"]
[PlyCount "115"]
[EventDate "2012.??.??"]
[WhiteTeam "SG Siemens Erlangen e.V. 1"]
[BlackTeam "SG SC Mühldorf/SK Schwabach 1"]

1. d4 Nf6 2. c4 e6 3. Nf3 b6 4. e3 Bb7 5. Bd3 Bb4+ 6. Nbd2 O-O 7. O-O d5 8. b3
Ne4 9. Qc2 f5 10. cxd5 exd5 11. Ne5 Qe7 12. f3 Bxd2 13. Bxd2 Nxd2 14. Qxd2 Nd7
15. f4 g6 16. Rfc1 Nf6 17. b4 a6 18. a4 Kh8 19. Qc2 Rac8 20. b5 a5 21. Rab1 Rg8
22. Rb3 Rg7 23. Qb2 Ne8 24. h3 Nd6 25. Kh2 g5 26. Qf2 g4 27. hxg4 fxg4 28. Kg3
Qf6 29. Rbb1 Rf8 30. Qe2 Bc8 31. Rh1 Bf5 32. Kf2 Bxd3 33. Qxd3 Ne4+ 34. Kg1 g3
35. Rf1 Rfg8 36. Qc2 Qf5 37. Qe2 Nf6 38. Rc1 Qe4 39. Qf3 Qf5 40. Kf1 h5 41. Ke2
Rh7 42. Rh4 Rgg7 43. Rc6 Ne4 44. Qf1 Nf2 45. Qc1 Qe4 46. Qa3 Kg8 47. Qd6 Rf7
48. Rxc7 Nh3 49. Nxf7 Ng1+ 50. Kd1 Qd3+ 51. Kc1 Qxe3+ 52. Kb1 Qb3+ 53. Ka1
Qxa4+ 54. Kb2 Qxd4+ 55. Kb3 Qd3+ 56. Ka2 Qe2+ 57. Ka3 Qd3+ 58. Ka2 1/2-1/2

[Event "SG SC Mühldorf/SK Schwabach 1-SG Siemens"]
[Site "?"]
[Date "2012.11.18"]
[Round "3.2"]
[White "Mehwald, Thomas"]
[Black "Fett, Helmut"]
[Result "1/2-1/2"]
[WhiteElo "2008"]
[BlackElo "1769"]
[PlyCount "57"]
[EventDate "2012.??.??"]
[WhiteTeam "SG SC Mühldorf/SK Schwabach 1"]
[BlackTeam "SG Siemens Erlangen e.V. 1"]

1. e4 d6 2. d4 Nf6 3. Nc3 Nbd7 4. Nf3 e5 5. Bc4 Be7 6. h3 c6 7. a4 O-O 8. Be3
Nxe4 9. Nxe4 d5 10. Bb3 dxe4 11. Nxe5 Nxe5 12. dxe5 Qa5+ 13. c3 Qxe5 14. Qe2
Bg5 15. Bd4 Qe7 16. O-O Be6 17. Bc2 c5 18. Be3 Bxe3 19. Qxe3 f5 20. f3 Bd5 21.
Rad1 Bc6 22. fxe4 fxe4 23. Rxf8+ Rxf8 24. Re1 Re8 25. a5 a6 26. Rf1 Rf8 27. Re1
Re8 28. Rf1 Rf8 29. Re1 1/2-1/2

[Event "SG SC Mühldorf/SK Schwabach 1-SG Siemens"]
[Site "?"]
[Date "2012.11.18"]
[Round "3.3"]
[White "Müller, Stefan"]
[Black "Reuter, Roland"]
[Result "1/2-1/2"]
[WhiteElo "1909"]
[BlackElo "1947"]
[PlyCount "36"]
[EventDate "2012.??.??"]
[WhiteTeam "SG Siemens Erlangen e.V. 1"]
[BlackTeam "SG SC Mühldorf/SK Schwabach 1"]

1. e4 c5 2. Nf3 d6 3. d4 cxd4 4. Nxd4 Nf6 5. Nc3 g6 6. Bd3 Bg7 7. O-O Bd7 8. h3
Nc6 9. Be3 O-O 10. Qd2 a6 11. f4 Rc8 12. f5 b5 13. a3 Ne5 14. Qf2 Nc4 15. Bxc4
Rxc4 16. Rad1 Qa8 17. fxg6 fxg6 18. Qh4 Rf7 1/2-1/2

[Event "SG SC Mühldorf/SK Schwabach 1-SG Siemens"]
[Site "?"]
[Date "2012.11.18"]
[Round "3.4"]
[White "Wirth, Karl-Heinz"]
[Black "Pölsterl, Hans"]
[Result "0-1"]
[WhiteElo "1868"]
[BlackElo "1871"]
[PlyCount "120"]
[EventDate "2012.??.??"]
[WhiteTeam "SG SC Mühldorf/SK Schwabach 1"]
[BlackTeam "SG Siemens Erlangen e.V. 1"]

1. e4 c6 2. d4 d5 3. Nc3 dxe4 4. f3 e3 5. Bxe3 Nf6 6. Bd3 e6 7. Nge2 Be7 8. O-O
b6 9. Ne4 Bb7 10. c3 Nbd7 11. Qc2 Nd5 12. Bd2 Rc8 13. Rad1 c5 14. dxc5 Nxc5 15.
Bb5+ Nd7 16. Qa4 a6 17. Bxd7+ Qxd7 18. Qxd7+ Kxd7 19. Be3 Kc7 20. Bd4 f6 21.
Bf2 e5 22. Rd2 f5 23. N4g3 g6 24. Nc1 Bg5 25. Re2 Rhe8 26. Nd3 Nf4 27. Nxf4
exf4 28. Rxe8 Rxe8 29. Nh1 Re2 30. Rb1 Bd5 31. c4 Bc6 32. Bd4 Be7 33. Nf2 Rc2
34. Bc3 Bc5 35. Rf1 b5 36. Be5+ Kb7 37. Bxf4 Rxb2 38. g4 fxg4 39. fxg4 Rxa2 40.
Bg3 bxc4 41. Rb1+ Bb5 42. Rc1 Bd4 43. Kf1 Ra1 44. Rxa1 Bxa1 45. Ke1 Kc6 46. Ne4
Kd5 47. Ng5 h6 48. Nf7 h5 49. gxh5 gxh5 50. Kd1 Bf6 51. h4 Be8 52. Ng5 Bb2 53.
Kc2 Be5 54. Be1 Bg6+ 55. Kc1 c3 56. Nh3 Bf5 57. Bxc3 Bxc3 58. Nf4+ Kc4 59. Nxh5
Be5 60. Kd2 Bg6 0-1

[Event "SG SC Mühldorf/SK Schwabach 1-SG Siemens"]
[Site "?"]
[Date "2012.11.18"]
[Round "3.5"]
[White "Semerow, Anatoli"]
[Black "Pröschel, Gerhard"]
[Result "0-1"]
[WhiteElo "1871"]
[BlackElo "1861"]
[PlyCount "36"]
[EventDate "2012.??.??"]
[WhiteTeam "SG Siemens Erlangen e.V. 1"]
[BlackTeam "SG SC Mühldorf/SK Schwabach 1"]

1. e4 e5 2. Bc4 Bc5 3. Nf3 Nc6 4. O-O Nf6 5. d3 d6 6. Be3 Bb6 7. Nbd2 O-O 8.
Bxb6 axb6 9. h3 Qe7 10. Re1 Nh5 11. Nf1 Nf4 12. Ne3 Be6 13. Qd2 Qf6 14. Nd5
Bxd5 15. exd5 Ne7 16. d4 Neg6 17. dxe5 dxe5 18. Nh2 Qg5 0-1

[Event "SG SC Mühldorf/SK Schwabach 1-SG Siemens"]
[Site "?"]
[Date "2012.11.18"]
[Round "3.6"]
[White "Leis, Stefan"]
[Black "Kirsch, Heinrich"]
[Result "1-0"]
[WhiteElo "1849"]
[BlackElo "1795"]
[Annotator ",User"]
[PlyCount "63"]
[EventDate "2012.??.??"]
[WhiteTeam "SG SC Mühldorf/SK Schwabach 1"]
[BlackTeam "SG Siemens Erlangen e.V. 1"]

1. d4 {[%emt 0:00:00]} Nf6 {[%emt 0:00:00]} 2. Nc3 d5 3. e4 Nxe4 4. Nxe4 dxe4
5. Bf4 e6 6. Qd2 Bd6 7. O-O-O h6 8. f3 exf3 9. Nxf3 Bd7 10. d5 Bxf4 11. Qxf4
O-O 12. dxe6 fxe6 13. Qe3 Qf6 14. Bc4 Qf4 15. Qxf4 Rxf4 16. Rxd7 Rxc4 17. Rd8+
Kh7 18. Re1 Rf4 19. Rxe6 Rf7 20. Ree8 g5 21. Rh8+ Kg7 22. Rdg8+ Kf6 23. Rxb8
Rxb8 24. Rxb8 g4 25. Ne1 b6 26. Re8 Kg5 27. Kd1 h5 28. Ke2 c5 29. g3 c4 30. c3
Rf6 31. Re5+ Kg6 32. Ng2 1-0

[Event "SG SC Mühldorf/SK Schwabach 1-SG Siemens"]
[Site "?"]
[Date "2012.11.18"]
[Round "3.7"]
[White "Balhar, Rudolf"]
[Black "Hetzner, Helmut"]
[Result "1-0"]
[WhiteElo "1834"]
[BlackElo "1802"]
[Annotator ",User"]
[PlyCount "129"]
[EventDate "2012.??.??"]
[WhiteTeam "SG Siemens Erlangen e.V. 1"]
[BlackTeam "SG SC Mühldorf/SK Schwabach 1"]

1. e4 {[%emt 0:00:00]} c6 2. d4 d5 3. Nc3 e6 4. Nf3 Bb4 5. e5 c5 6. Bd2 Nc6 7.
Nb5 Bxd2+ 8. Qxd2 cxd4 9. Nbxd4 Nge7 10. Bd3 Nxd4 11. Nxd4 Nc6 12. Nf3 Qc7 13.
Qg5 Kf8 14. O-O h6 15. Qe3 Bd7 16. c3 Na5 17. Rac1 b5 18. Rfe1 g6 19. h3 Kg7
20. Qf4 Qd8 21. Nd4 a6 22. Re3 Qg5 23. Qxg5 hxg5 24. Rg3 Nc4 25. Bxc4 bxc4 26.
Rxg5 Rab8 27. b4 cxb3 28. axb3 f6 29. exf6+ Kxf6 30. f4 Rh4 31. Rg4 Rxg4 32.
hxg4 e5 33. g5+ Ke7 34. fxe5 a5 35. Ra1 Ra8 36. Kf2 a4 37. bxa4 Rxa4 38. Rxa4
Bxa4 39. Ke3 Bd7 40. g3 Bg4 41. Kd3 Bh3 42. Ke3 Bf1 43. Kf4 Bd3 44. Ke3 Bf1 45.
Nf3 Bg2 46. Nd4 Bf1 47. Nc2 Ke6 48. Kd4 Bc4 49. Ne3 Bb3 50. Ng2 Kf5 51. Nf4
Kxg5 52. Nxd5 Kg4 53. e6 Kxg3 54. e7 Ba4 55. Nf6 g5 56. e8=Q Bxe8 57. Nxe8 Kf4
58. Nf6 Kf5 59. Ne4 g4 60. Kd5 Kg6 61. Ke6 Kg7 62. c4 Kf8 63. Kd7 Kf7 64. c5
Kg6 65. Ke6 1-0

[Event "SG SC Mühldorf/SK Schwabach 1-SG Siemens"]
[Site "?"]
[Date "2012.11.18"]
[Round "3.8"]
[White "Pechan, Willi"]
[Black "Avdic, Klaudio"]
[Result "1-0"]
[WhiteElo "1724"]
[BlackElo "1655"]
[PlyCount "93"]
[EventDate "2012.??.??"]
[WhiteTeam "SG SC Mühldorf/SK Schwabach 1"]
[BlackTeam "SG Siemens Erlangen e.V. 1"]

1. e4 g6 2. d4 Nf6 3. Nc3 d6 4. Nf3 Bg7 5. Be3 O-O 6. Qd2 c6 7. Bc4 Nxe4 8.
Bxf7+ Rxf7 9. Nxe4 Na6 10. Neg5 Rf8 11. c3 Nc7 12. O-O Nd5 13. Rfe1 Nf6 14. Bf4
Nd5 15. Bg3 Nc7 16. Qe2 h6 17. Ne4 Be6 18. Ned2 g5 19. h3 Qd7 20. Nh2 Rae8 21.
Qh5 Kh7 22. Ne4 Rf5 23. Qe2 Bf7 24. b3 Bg6 25. f3 Nd5 26. h4 Nf4 27. Qd2 Ne6
28. hxg5 hxg5 29. Ng4 Qc8 30. Re2 Kg8 31. Rae1 Bf8 32. Nef2 Nf4 33. Bxf4 gxf4
34. Nh3 Bh5 35. Nhf2 Qc7 36. Re4 e5 37. dxe5 dxe5 38. Qe2 Bd6 39. Nd3 Bxg4 40.
fxg4 Rg5 41. Rxf4 Qb6+ 42. Kf1 Re7 43. Rf5 Rxf5+ 44. gxf5 e4 45. f6 Rh7 46.
Qg4+ Kf7 47. Rxe4 1-0

[Event "SG Büchenbach/Roth e.V. 2-SK 1911 Herzo"]
[Site "?"]
[Date "2012.11.18"]
[Round "3.1"]
[Board "1"]
[White "Sattler, Stefan"]
[Black "Roß, Thomas"]
[Result "0-1"]
[WhiteElo "2074"]
[BlackElo "1989"]
[PlyCount "126"]
[EventDate "2012.??.??"]
[SourceDate "2012.01.21"]
[WhiteTeam "SK 1911 Herzogenaurach e.V. 1"]
[BlackTeam "SG Büchenbach/Roth e.V. 2"]

1. e4 d6 2. d4 Nf6 3. Nc3 e5 4. dxe5 dxe5 5. Qxd8+ Kxd8 6. Bc4 Be6 7. Bxe6 fxe6
8. f3 Bd6 9. Be3 Ke7 10. Nh3 Nc6 11. O-O-O a6 12. Nf2 h6 13. Nd3 Nd7 14. Rhe1
b5 15. b3 Rhb8 16. a4 Na5 17. axb5 axb5 18. Kd2 Ra6 19. Ke2 c6 20. Ra1 Rba8 21.
Reb1 Nb7 22. Rxa6 Rxa6 23. Rb2 Bc7 24. Ra2 Rxa2 25. Nxa2 Kd6 26. Nc3 Ba5 27.
Nd1 Nd8 28. N1f2 c5 29. Bxc5+ Nxc5 30. b4 Nxd3 31. Nxd3 Bb6 32. c3 Nc6 33. Ne1
Na7 34. Nc2 Nc8 35. Na3 Kc6 36. Nc2 Bg1 37. g3 Nd6 38. Kf1 Ba7 39. Ke2 Nc4 40.
Ne1 Nb2 41. Nd3 Nxd3 42. Kxd3 Bg1 43. Ke2 Bb6 44. Kd3 Bg1 45. Ke2 Kd6 46. Kf1
Bb6 47. Ke2 Ke7 48. Kf1 h5 49. h4 Kf7 50. Ke2 Bd8 51. Kd3 g5 52. hxg5 Bxg5 53.
c4 bxc4+ 54. Kxc4 h4 55. gxh4 Bxh4 56. Kc5 Be7+ 57. Kc4 Ke8 58. Kb5 Kd7 59. Ka5
Bd8+ 60. Ka6 Kc6 61. b5+ Kc5 62. Kb7 Kxb5 63. Kc8 Bg5 0-1

[Event "SG Büchenbach/Roth e.V. 2-SK 1911 Herzog"]
[Site "?"]
[Date "2012.11.18"]
[Round "3.2"]
[White "Muskat, Gunter"]
[Black "Bock, Helmar"]
[Result "1/2-1/2"]
[WhiteElo "1876"]
[BlackElo "2032"]
[PlyCount "63"]
[EventDate "2012.??.??"]
[WhiteTeam "SG Büchenbach/Roth e.V. 2"]
[BlackTeam "SK 1911 Herzogenaurach e.V. 1"]

1. c4 c5 2. g3 g6 3. Bg2 Bg7 4. Nc3 Nc6 5. Nf3 d6 6. d3 Nf6 7. O-O O-O 8. a3
Bg4 9. h3 Bd7 10. Rb1 Qc8 11. Kh2 a6 12. Bd2 Rb8 13. b4 Nd4 14. Nxd4 cxd4 15.
Nd5 Nxd5 16. cxd5 Qe8 17. Qb3 Ba4 18. Qa2 Qd7 19. Rbc1 Rfc8 20. h4 h5 21. Bf3
f5 22. Bg2 Kh7 23. Rfe1 Rxc1 24. Rxc1 Rc8 25. Qb2 Rxc1 26. Qxc1 Bb3 27. Qb2 Bd1
28. Bf3 Qa4 29. Bg5 Qd7 30. Qc1 Bb3 31. Qb2 Ba4 32. Qc1 1/2-1/2

[Event "SG Büchenbach/Roth e.V. 2-SK 1911 Herzog"]
[Site "?"]
[Date "2012.11.18"]
[Round "3.3"]
[White "Glitz, Martin"]
[Black "Classen, Anton"]
[Result "1/2-1/2"]
[WhiteElo "1979"]
[BlackElo "1817"]
[PlyCount "92"]
[EventDate "2012.??.??"]
[WhiteTeam "SK 1911 Herzogenaurach e.V. 1"]
[BlackTeam "SG Büchenbach/Roth e.V. 2"]

1. e4 Nf6 2. e5 Nd5 3. d4 d6 4. Nf3 Bg4 5. Be2 e6 6. h3 Bf5 7. O-O Nd7 8. exd6
Bxd6 9. Re1 O-O 10. a3 c5 11. c4 N5f6 12. Nc3 a6 13. dxc5 Bxc5 14. b4 Be7 15.
Bb2 Nb6 16. Qb3 Qc7 17. Red1 Rfd8 18. Rac1 Rxd1+ 19. Rxd1 Rd8 20. c5 Rxd1+ 21.
Qxd1 Nbd5 22. Nxd5 Nxd5 23. Be5 Qd8 24. Qa1 f6 25. Bg3 Bg6 26. Bc4 Bf7 27. Qe1
Qd7 28. Nd2 e5 29. Nf1 Nc7 30. Bxf7+ Kxf7 31. Qd2 Qxd2 32. Nxd2 Nb5 33. Nb1 Ke6
34. Kf1 Kd5 35. Ke2 Kc4 36. f4 exf4 37. Bxf4 Nc3+ 38. Nxc3 Kxc3 39. Bd6 Bd8 40.
a4 Kd4 41. b5 axb5 42. axb5 Kd5 43. Bf8 g6 44. g4 Kc4 45. b6 Kd5 46. Kf3 f5
1/2-1/2

[Event "SG Büchenbach/Roth e.V. 2-SK 1911 Herzog"]
[Site "?"]
[Date "2012.11.18"]
[Round "3.4"]
[White "Schönberger, Andreas"]
[Black "Eichstädt, Timm"]
[Result "0-1"]
[WhiteElo "1815"]
[BlackElo "1943"]
[PlyCount "116"]
[EventDate "2012.??.??"]
[WhiteTeam "SG Büchenbach/Roth e.V. 2"]
[BlackTeam "SK 1911 Herzogenaurach e.V. 1"]

1. e4 Nf6 2. Nc3 d5 3. e5 Nfd7 4. d4 e6 5. Nf3 c5 6. Bg5 Qb6 7. Na4 Qa5+ 8. c3
cxd4 9. b4 Qc7 10. Qxd4 Nc6 11. Qd2 Ndxe5 12. Be2 Nxf3+ 13. Bxf3 Nxb4 14. Bf4
Bd6 15. Bxd6 Qxd6 16. O-O Nc6 17. c4 Ne5 18. Be2 O-O 19. Nc3 Qb4 20. cxd5 Rd8
21. Rab1 Qe7 22. Qf4 exd5 23. Rfd1 Ng6 24. Qd4 Be6 25. Bf3 Qg5 26. g3 Rac8 27.
h4 Qf5 28. Nxd5 Bxd5 29. Bxd5 Ne7 30. Rb5 Nxd5 31. Rxd5 Rxd5 32. Qxd5 Qxd5 33.
Rxd5 g6 34. Rd7 Rc2 35. a4 Ra2 36. Rxb7 Rxa4 37. Kf1 Ra2 38. Rb3 Kg7 39. Kg2 a5
40. Kf3 a4 41. Rb6 Ra3+ 42. Kg2 Rb3 43. Ra6 a3 44. Kf1 Kf8 45. Ra7 Ke8 46. Kg2
Rc3 47. Kf1 Kd8 48. Kg2 Kc8 49. Kh3 Kb8 50. Ra4 Kc7 51. Kg4 h5+ 52. Kg5 Kc6 53.
g4 hxg4 54. Kxg4 Kb5 55. Ra8 Rc4+ 56. f4 Ra4 57. Rb8+ Kc4 58. Rc8+ Kb3 0-1

[Event "SG Büchenbach/Roth e.V. 2-SK 1911 Herzog"]
[Site "?"]
[Date "2012.11.18"]
[Round "3.5"]
[White "Walther, Reinhard"]
[Black "Roß, Sandra"]
[Result "1/2-1/2"]
[WhiteElo "1896"]
[BlackElo "1709"]
[PlyCount "98"]
[EventDate "2012.??.??"]
[WhiteTeam "SK 1911 Herzogenaurach e.V. 1"]
[BlackTeam "SG Büchenbach/Roth e.V. 2"]

1. d4 Nf6 2. c4 e6 3. Nc3 d5 4. cxd5 Nxd5 5. e4 Nxc3 6. bxc3 Be7 7. Nf3 O-O 8.
Be3 b6 9. Bd3 Ba6 10. O-O Bxd3 11. Qxd3 c5 12. d5 Qd6 13. Rad1 Rd8 14. Qc2 exd5
15. exd5 Nd7 16. c4 Ne5 17. Nxe5 Qxe5 18. g3 Bd6 19. Rfe1 Qf6 20. Re2 Qf3 21.
Rde1 h6 22. Bc1 Rab8 23. Qa4 b5 24. cxb5 Qxd5 25. Qxa7 Rxb5 26. Qa4 Rbb8 27.
Qc2 Bf8 28. Re5 Qd3 29. Qxd3 Rxd3 30. Kf1 Ra8 31. R5e2 Rd7 32. Rc2 Rda7 33.
Ree2 Ra5 34. Be3 h5 35. Kg2 g6 36. h3 c4 37. Rxc4 Rxa2 38. Re1 Re8 39. Rec1
Raa8 40. Rc7 Re7 41. Rc8 Re8 42. R8c4 Rab8 43. R1c2 Ra8 44. g4 hxg4 45. hxg4
Re5 46. Bf4 Ree8 47. Be3 Bg7 48. Rc7 Be5 49. Rd7 Rad8 1/2-1/2

[Event "SG Büchenbach/Roth e.V. 2-SK 1911 Herzog"]
[Site "?"]
[Date "2012.11.18"]
[Round "3.6"]
[White "Kittsteiner, Peter"]
[Black "Wolter, Norbert"]
[Result "1/2-1/2"]
[WhiteElo "1832"]
[BlackElo "1842"]
[PlyCount "92"]
[EventDate "2012.??.??"]
[WhiteTeam "SG Büchenbach/Roth e.V. 2"]
[BlackTeam "SK 1911 Herzogenaurach e.V. 1"]

1. e4 d5 2. exd5 Nf6 3. d4 Nxd5 4. Nf3 Bg4 5. Be2 e6 6. O-O Be7 7. Ne5 Bxe2 8.
Qxe2 Nd7 9. c4 N5b6 10. Rd1 O-O 11. Nc3 Nxe5 12. dxe5 Qe8 13. b3 Qc6 14. Bf4
Rfd8 15. Ne4 Rxd1+ 16. Rxd1 Rd8 17. f3 Rxd1+ 18. Qxd1 Qd7 19. Qd2 Qxd2 20. Bxd2
Nd7 21. Bc3 Kf8 22. Kf1 Ke8 23. Ke2 Nc5 24. Ke3 Nxe4 25. Kxe4 a6 26. a4 c6 27.
g4 Kd7 28. f4 Bd8 29. Bb4 Bb6 30. Bd6 Bg1 31. h3 Bf2 32. Bb4 Bb6 33. Bd2 Bc7
34. Be3 Ba5 35. f5 Bd8 36. Bc5 Bh4 37. Bf8 g6 38. f6 Be1 39. Bh6 Bc3 40. Be3
Bb2 41. Bd4 Bc1 42. h4 Bd2 43. Be3 Bxe3 44. Kxe3 c5 45. Kd3 a5 46. Ke4 h6
1/2-1/2

[Event "SG Büchenbach/Roth e.V. 2-SK 1911 Herzog"]
[Site "?"]
[Date "2012.11.18"]
[Round "3.7"]
[White "Habermann, Manfred"]
[Black "Müller, Maximilian"]
[Result "0-1"]
[WhiteElo "1835"]
[BlackElo "1797"]
[PlyCount "90"]
[EventDate "2012.??.??"]
[WhiteTeam "SK 1911 Herzogenaurach e.V. 1"]
[BlackTeam "SG Büchenbach/Roth e.V. 2"]

1. d4 d5 2. c4 dxc4 3. Nc3 Nc6 4. d5 Ne5 5. f4 Ng4 6. h3 N4f6 7. Qa4+ Bd7 8.
Qxc4 c6 9. e4 cxd5 10. Nxd5 Bc6 11. Nc3 e6 12. Nf3 Rc8 13. Qe2 Bb4 14. Nd2 Qd4
15. Qe3 Qc5 16. e5 Nh5 17. Nc4 Qe7 18. h4 Rd8 19. Qh3 b5 20. Nd6+ Bxd6 21. exd6
Qxd6 22. Qg4 Ngf6 23. Qg5 b4 24. Be2 bxc3 25. O-O h6 26. Qe5 Ng3 27. Re1 Qxe5
28. fxe5 Nxe2+ 29. Rxe2 Ng4 30. Bf4 Rd4 31. g3 cxb2 32. Rxb2 O-O 33. Rc1 Bd5
34. Kf1 Ra4 35. Ke1 Rd8 36. Ke2 Re4+ 37. Kf1 Nxe5 38. Bxe5 Rxe5 39. Rc7 a6 40.
Rb6 Re3 41. Rxa6 Rxg3 42. a4 Be4 43. Raa7 Rg2 44. Ke1 Rb8 45. Rc1 Rb3 0-1